000 00955nam a2200217Ii 4500
003 JO-AjNU
008 230605s9999||||xx |||||||||||||| ||und||
017 _a2004/1/36
040 _aJO-AjNU
_bara
_erda
_cJO-AjNU
041 _aara
050 1 4 _aK564.2003
100 3 _a جوقة ، نورجان محمد علي ,
_eauthor
_919198
245 0 0 _aالتوقيع الالكتروني في ظل قانون المعاملات الالكترونية الاردني رقم 85 لعام 2001
250 _aط1
264 3 1 _aعمان : نورجان محمد علي قانبا جوقة ، 2004
300 _a132ص
336 _atext
_btxt
_2rdacontent
337 _aunmediated
_bn
_2rdamedia
338 _avolume
_bnc
_2rdacarrier
650 4 _aالتجارة الالكترونية -- التجارة الدولية -- المعاملات -- معالجة البيانات الالكترونية -- ارسال المعلومات -- القانون الخاص
_919199
999 _aA6285
_c9853
_d9853